Súčasná etapa vývoja našej socialistickej spoločnosti a hlavné úlohy jej rozvoja.

Uložené v:
Podrobná bibliografia
Médium: Kniha
Jazyk:Slovak
Vydané: Bratislava : Ústredný výbor Komunistickej strany Slovenska, 1967.
Edícia:Na pomoc straníckemu vzdelávaniu
Fyzický popis: 42 strán.
Tagy: Pridať tag
Žiadne tagy, Buďte prvý kto otaguje tento záznam!

MARC

LEADER 00000nam a22000002i 4500
001 000654792
005 20210122121711.0
008 210122s1967 xo e 000 0 slo d
020 |c Kčs 1,50  |q (brožované) 
040 |a SVKKK  |b slo  |c SVKKK  |e rda 
245 0 0 |a Súčasná etapa vývoja našej socialistickej spoločnosti a hlavné úlohy jej rozvoja. 
264 1 |a Bratislava :  |b Ústredný výbor Komunistickej strany Slovenska,  |c 1967. 
300 |a 42 strán. 
336 |a text  |b txt  |2 rdacontent 
337 |a bez média  |b n  |2 rdamedia 
338 |a zväzok  |b nc  |2 rdacarrier 
490 1 |a Na pomoc straníckemu vzdelávaniu 
500 |a Záznam revízie 
830 0 |a Na pomoc straníckemu vzdelávaniu 
910 |a svkkk 
998 |a BK 
090 |g SCKHL  |k Sklad Pribinova 2. posch.  |a III.95083  |j 392679  |i 2720676555  |s Povinný výt.